| 000 | 01228nam a22002537a 4500 | ||
|---|---|---|---|
| 005 | 20170124103107.0 | ||
| 010 | _aB-055252 | ||
| 020 |
_c00.00 _a8186565388 |
||
| 035 | _aB-055252 | ||
| 037 | _bCen Lib/Ret | ||
| 040 |
_aDPL _bHN |
||
| 082 |
_a954.01 _bपालश |
||
| 100 |
_aपाल, शशि बाला _978613 |
||
| 245 |
_aपंचाल : _cशशि बाला पाल _bसामाजिक, आर्थिक एवं धार्मिक इतिहास, गुप्त काल तक / |
||
| 246 |
_aPañcāla : sāmājika, ārthika, evaṃ dhārmika itihāsa Gupta kāla taka / _bby Shashi Bala Paal |
||
| 260 |
_aनयी दिल्ली _bअनामिका पब्लिशर्स _c2000 |
||
| 270 |
_bनयी दिल्ली _a4697/3, 21-ए, अंसारी रोड, दरियागंज _e110002 |
||
| 300 |
_a254पृ. : _c21सेमी (सजिल्द) _bसचित्र |
||
| 650 |
_aPañcāla (भारत) - सभ्यता _978614 |
||
| 650 |
_a सभ्यता _978615 |
||
| 650 |
_aPañcāla (India) -- Civilization. _978616 |
||
| 650 |
_aCivilization. _915651 |
||
| 942 |
_2ddc _cHN _h954.01 _mपालश |
||
| 999 |
_c118158 _d118158 |
||